[Event "Balatonalmadi Pannonia Cup 13th"]
[Site "Balatonalmadi"]
[Date "2008.07.31"]
[Round "3"]
[White "Galyas, Miklos"]
[Black "Vass, Daniel"]
[Result "1-0"]
[WhiteElo "2463"]
[BlackElo "1895"]
[PlyCount "39"]
[EventDate "2008.07.30"]
[EventType "swiss"]
[EventRounds "7"]
[EventCountry "HUN"]
[SourceTitle "CBM 125 Extra"]
[Source "ChessBase"]
[SourceDate "2008.09.01"]
[SourceVersion "1"]
[SourceVersionDate "2008.09.01"]
[SourceQuality "1"]

1. d4 d5 2. c4 e6 3. Nc3 Nf6 4. cxd5 exd5 5. Bg5 Nbd7 6. e3 c6 7. Bd3 Be7 8. Qc2 h6 9. Bh4 0-0 10. Nge2 Re8 11. 0-0 b6 12. Rab1 c5 13. Bg3 Nf8 14. dxc5 bxc5 15. Rfd1 Qb6 16. Na4 Qa5 17. b4 Qd8 18. Nxc5 Bxc5 19. bxc5 Ne6 20. Bb5 1-0

[Event "HUN-chT2 Charousek 0708"]
[Site "Hungary"]
[Date "2008.02.17"]
[Round "6"]
[White "Misetane Burjan, Anita"]
[Black "Vass, Daniel"]
[Result "1/2-1/2"]
[WhiteElo "2025"]
[BlackElo "1882"]
[PlyCount "120"]
[EventDate "2007.10.14"]
[EventType "team"]
[EventRounds "11"]
[EventCountry "HUN"]
[SourceTitle "EXT 2009"]
[Source "ChessBase"]
[SourceDate "2008.11.26"]
[SourceVersion "1"]
[SourceVersionDate "2008.11.26"]
[SourceQuality "1"]
[WhiteTeam "Szenna Pack"]
[BlackTeam "Csuti II"]
[WhiteTeamCountry "HUN"]
[BlackTeamCountry "HUN"]

1. d4 d5 2. Nf3 Nf6 3. e3 e6 4. c4 Be7 5. Nc3 c6 6. Bd3 Nbd7 7. 0-0 0-0 8. e4 dxc4 9. Bxc4 b5 10. Bd3 a6 11. e5 Nd5 12. Nxd5 cxd5 13. Bc2 f5 14. a4 bxa4 15. Bxa4 Nb6 16. Bc2 Bd7 17. b3 Bb5 18. Bd3 Qd7 19. Ba3 Bxa3 20. Rxa3 Rfc8 21. Qd2 a5 22. Bxb5 Qxb5 23. Ng5 Rc6 24. h4 h6 25. Nh3 a4 26. bxa4 Rxa4 27. Rxa4 Qxa4 28. Nf4 Nc4 29. Qe2 Rb6 30. Qh5 Nxe5 31. Nxd5 exd5 32. dxe5 Qe4 33. Qe8+ Kh7 34. h5 d4 35. Rd1 d3 36. Qd8 Re6 37. Qxd3 Qxd3 38. Rxd3 Rxe5 39. g3 Kg8 40. Kg2 Kf7 41. Kf3 Kf6 42. Rd6+ Re6 43. Rd7 g6 44. Rh7 Kg5 45. hxg6 Kxg6 46. Ra7 Rb6 47. Ra4 Kg5 48. Rf4 Ra6 49. Kg2 Ra2 50. Rb4 Ra5 51. Kh3 Rc5 52. Rb8 Rc6 53. Rg8+ Kf6 54. f4 Rc2 55. Rf8+ Kg6 56. Re8 Rd2 57. Re6+ Kg7 58. Rc6 Rb2 59. Rc5 Kg6 60. Rd5 Kf6 1/2-1/2

[Event "HUN-chT2 Charousek 0607"]
[Site "Hungary"]
[Date "2007.03.04"]
[Round "6"]
[White "Vass, Daniel"]
[Black "Toth, Gergely"]
[Result "0-1"]
[WhiteElo "1742"]
[BlackElo "1899"]
[PlyCount "78"]
[EventDate "2006.11.12"]
[EventType "team"]
[EventRounds "11"]
[EventCountry "HUN"]
[SourceTitle "EXT 2008"]
[Source "ChessBase"]
[SourceDate "2007.11.25"]
[SourceVersion "1"]
[SourceVersionDate "2007.11.25"]
[SourceQuality "1"]
[WhiteTeam "Csuti II"]
[BlackTeam "Paks II"]
[WhiteTeamCountry "HUN"]
[BlackTeamCountry "HUN"]

1. d4 Nf6 2. c4 e6 3. Nc3 c5 4. d5 exd5 5. cxd5 d6 6. Nf3 g6 7. Bf4 a6 8. e3 Bg4 9. Be2 b5 10. Rc1 Bg7 11. 0-0 0-0 12. h3 Bxf3 13. Bxf3 Qb6 14. Qd2 Re8 15. Rfd1 Nfd7 16. Ne4 Ne5 17. b3 Nbd7 18. Be2 h6 19. Qc2 Rac8 20. a4 f5 21. Nd2 Nf6 22. axb5 axb5 23. Nf3 Ne4 24. Nxe5 dxe5 25. Bh2 Nd6 26. Bg3 c4 27. bxc4 bxc4 28. Rb1 Qc5 29. Rbc1 Kh8 30. Qa4 Re7 31. Qc2 Rec7 32. Kh1 Ne4 33. Bf3 Nxg3+ 34. fxg3 e4 35. Be2 Qxe3 36. Bxc4 Be5 37. d6 Qxg3 38. Kg1 Bxd6 39. Qb3 Qxb3 0-1